| 000 | 00698nam a22002417a 4500 | ||
|---|---|---|---|
| 999 |
_c172982 _d172982 |
||
| 005 | 20200224121152.0 | ||
| 010 | _aENG-127769 | ||
| 020 |
_c170.00 _a9788181804754 |
||
| 035 | _aEN-111301 | ||
| 037 | _bDBAD/PUB | ||
| 082 | _a336 | ||
| 100 | _aGoud,S.Limba | ||
| 245 |
_aCoordinating Committee/ _cby S.Limba Goud ...[etal.]; edited by N.Vijaya |
||
| 260 |
_aHyderabad _c2018 _bTelugu Akademi |
||
| 270 |
_aTelugu Akademi Himayatnagar Hyderabad _e500029 _bHyderabad _minfo@teluguacademy.net |
||
| 300 |
_a433p. _b24(pbk) |
||
| 700 | _aBabu Rao | ||
| 700 | _aM.Erragattu Swamy | ||
| 700 | _aK.Padmalatha | ||
| 700 | _aM.Bhagyalaxmi | ||
| 700 | _aN.Vijaya | ||
| 942 |
_2ddc _cEN _hGOU _k336 |
||